[Event "Women's Speed Chess Q6"]
[Site "chess.com INT"]
[Date "2021.06.05"]
[Round "9"]
[White "Bodnaruk, Anastasia"]
[Black "Avramidou, Anastasia"]
[Result "1-0"]
[WhiteTitle "IM"]
[BlackTitle "FM"]
[WhiteElo "2446"]
[BlackElo "2238"]
[WhiteFideId "4181751"]
[BlackFideId "4239873"]
[EventDate "2021.06.05"]

1. e4 e6 2. d4 d5 3. e5 c5 4. c3 Nc6 5. Nf3 Qb6 6. Be2 cxd4 7. cxd4 Nh6 8. b3
Nf5 9. Bb2 Bd7 10. O-O Be7 11. g4 Nh4 12. Nxh4 Bxh4 13. f4 f6 14. Kg2 fxe5 15.
fxe5 O-O-O 16. Na3 a6 17. Nc2 Rdf8 18. Qd3 Be8 19. Qd2 Bg6 20. Bd3 Qd8 21. Ba3
Be7 22. Bb2 Bh4 23. h3 Bxd3 24. Qxd3 h5 25. Qg6 Qd7 26. gxh5 Ne7 27. Qg4 Nf5 28.
Rxf5 Rxf5 29. Qxh4 Rfxh5 30. Qg4 Rxh3 31. Qxh3 Rxh3 32. Kxh3 Qf7 33. Kg3 Qg6+
34. Kh4 Kb8 35. Nb4 a5 36. Ba3 Qe4+ 37. Kg5 axb4 38. Bxb4 Qxd4 39. Bd6+ Ka7 40.
Rf1 Qd2+ 41. Rf4 Qg2+ 42. Rg4 Qxa2 43. Ra4+ Qxa4 44. bxa4 d4 45. Kf4 Kb6 46. Bb4
Kc6 47. Ke4 g5 48. Kxd4 g4 49. Bd6 g3 50. Ke3 Kd5 51. Kf3 Kc4 52. a5 Kb5 53. Bc7 1-0

[Event "Women's Speed Chess Q6"]
[Site "chess.com INT"]
[Date "2021.06.05"]
[Round "9"]
[White "Matveeva, Olga"]
[Black "Sikorova, Olga"]
[Result "1/2-1/2"]
[WhiteTitle "WIM"]
[BlackTitle "WGM"]
[WhiteElo "2145"]
[BlackElo "2215"]
[WhiteFideId "24107018"]
[BlackFideId "307033"]
[EventDate "2021.06.05"]

1. d4 Nf6 2. c4 g6 3. g3 Bg7 4. Bg2 O-O 5. Nc3 d6 6. Nf3 Nc6 7. O-O a6 8. Qd3 e5
9. Bg5 h6 10. Bxf6 Bxf6 11. Nd5 exd4 12. Nxf6+ Qxf6 13. Rad1 Bf5 14. Qd2 Rae8
15. Qxh6 Rxe2 16. h4 d3 17. h5 Qg7 18. Qf4 Rxb2 19. Nh4 Bd7 20. Rxd3 g5 21. h6
gxf4 22. hxg7 Kxg7 23. gxf4 Kf6 24. a3 Rg8 25. Re1 Rg4 26. Nf3 Rxf4 27. c5 Bf5
28. Rc3 dxc5 29. Rxc5 Rb3 30. Nd2 Rxa3 31. Nc4 Rg4 32. Nxa3 Nd4 33. Nc4 Nf3+ 34.
Kf1 Nxe1 35. Bxb7 Rxc4 36. Rxc4 Bd3+ 37. Kxe1 Bxc4 38. Kd2 Ke5 39. Kc3 Bb5 40.
Kd2 c5 41. Kc3 Kf4 42. Bd5 a5 43. Bxf7 Kf3 44. Bd5+ Kxf2 45. Kb3 Ke3 46. Ka3 Kd4
47. Be6 Kc3 48. Bf7 c4 49. Bxc4 Kxc4 50. Ka2 a4 1/2-1/2

[Event "Women's Speed Chess Q6"]
[Site "chess.com INT"]
[Date "2021.06.05"]
[Round "9"]
[White "Berend, Elvira"]
[Black "Perez Rodriguez, Jennifer"]
[Result "0-1"]
[WhiteTitle "WGM"]
[BlackTitle "WIM"]
[WhiteElo "2326"]
[BlackElo "2251"]
[WhiteFideId "4000510"]
[BlackFideId "3507831"]
[EventDate "2021.06.05"]

1. e4 e5 2. Nf3 Nc6 3. Bb5 f5 4. d3 fxe4 5. dxe4 Nf6 6. Qe2 Bb4+ 7. Bd2 Bxd2+ 8.
Nbxd2 d6 9. Bxc6+ bxc6 10. h3 Qe7 11. O-O Bd7 12. c4 O-O 13. c5 Nh5 14. Qe3 Nf4
15. Kh2 Rf6 16. Ng1 Rg6 17. g3 Nxh3 18. Nxh3 Rh6 19. Rh1 Rxh3+ 20. Kg2 Qe6 21.
Nf3 Rxh1 22. Rxh1 h6 23. Nh4 d5 24. Nf5 d4 25. Qf3 Qf7 26. Qg4 Bxf5 27. exf5 Rf8
28. Rh5 Qf6 29. b3 Rd8 30. Rh1 Rd5 31. Rc1 d3 32. Qe4 Rd4 33. Qe3 Qxf5 34. Rd1
Rd5 35. f3 Qd7 36. Rd2 Kh8 37. b4 Rd4 38. Qxe5 Rxb4 39. a3 Rc4 40. Kf2 Qd4+ 41.
Qxd4 Rxd4 42. Ke3 Rd5 43. Rxd3 Rxc5 44. Rd7 Ra5 45. Rxc7 Rxa3+ 46. Ke4 Ra4+ 47.
Kf5 Ra5+ 48. Ke4 c5 49. f4 Kg8 50. g4 Ra4+ 51. Kf5 c4 52. Rc8+ Kf7 53. Rc7+ Kf8
54. Rc8+ Ke7 55. Rc7+ Kf8 56. Rc8+ Kf7 57. Rc7+ Kg8 0-1

[Event "Women's Speed Chess Q6"]
[Site "chess.com INT"]
[Date "2021.06.05"]
[Round "9"]
[White "Vantika, Agrawal"]
[Black "Novikova, Anna"]
[Result "0-1"]
[WhiteTitle "WIM"]
[BlackTitle "WIM"]
[WhiteElo "2286"]
[BlackElo "2247"]
[WhiteFideId "25050389"]
[BlackFideId "4146794"]
[EventDate "2021.06.05"]

1. d4 Nf6 2. Nf3 g6 3. Nc3 d5 4. Bf4 Bg7 5. e3 O-O 6. Nb5 Na6 7. h3 c6 8. Nc3 c5
9. Be2 cxd4 10. exd4 Bf5 11. O-O Rc8 12. a3 Nc7 13. Ne5 Ne6 14. Be3 Nc7 15. Qd2
a6 16. a4 Nce8 17. g4 Bd7 18. Bf3 Bc6 19. Qd3 Nd6 20. Nxc6 bxc6 21. b3 a5 22.
Bg2 Nd7 23. Rad1 e5 24. Rfe1 e4 25. Qd2 f5 26. Bf4 Qe7 27. f3 Rce8 28. Bg5 Qf7
29. Rf1 Nf6 30. fxe4 Nfxe4 31. Nxe4 Nxe4 32. Qc1 Qc7 33. Rd3 fxg4 34. hxg4 Qd7
35. Rxf8+ Rxf8 36. Qd1 Nf2 37. Qe2 Nxd3 38. cxd3 Bxd4+ 39. Kh1 Bf6 40. Bh6 Bg7
41. Bg5 Qf7 42. Kh2 Qf2 43. Qe6+ Kh8 44. Be7 Qf4+ 45. Kh3 Qf7 46. Qd7 Re8 47.
Qd6 Qxe7 48. Qxc6 Qe3+ 49. Kh2 Be5+ 50. Kh1 Qe1+ 51. Bf1 Qxf1# 0-1

[Event "Women's Speed Chess Q6"]
[Site "chess.com INT"]
[Date "2021.06.05"]
[Round "9"]
[White "Nguyen, Thi Mai Hung"]
[Black "Zhuravleva, Olga"]
[Result "1-0"]
[WhiteTitle "WGM"]
[BlackTitle "WIM"]
[WhiteElo "2254"]
[BlackElo "2278"]
[WhiteFideId "12401676"]
[BlackFideId "4145933"]
[EventDate "2021.06.05"]

1. d4 g6 2. Nf3 Bg7 3. g3 d6 4. Bg2 Nc6 5. O-O e5 6. dxe5 Nxe5 7. Nxe5 Bxe5 8.
Nd2 Bg7 9. a4 Nf6 10. c3 O-O 11. a5 a6 12. Nc4 Re8 13. Re1 d5 14. Ne3 Be6 15.
Qb3 Rb8 16. Qa4 c5 17. h3 Qc7 18. Rd1 Rbd8 19. Nc2 Bd7 20. Qa3 Rxe2 21. Ne3 d4
22. cxd4 cxd4 23. Nf1 Bf5 24. Bf4 Qd7 25. Nd2 Bxh3 26. Bf3 Ree8 27. Nc4 Nd5 28.
Bd6 Qf5 29. Rd3 Re6 30. Rad1 Rde8 31. Kh2 Nf6 32. Qc5 Qxc5 33. Bxc5 Bf5 34. Rxd4
h5 35. Rd8 Rxd8 36. Rxd8+ Kh7 37. Kg2 Be4 38. b4 Bxf3+ 39. Kxf3 Ne4 40. Rb8 Nxc5
41. bxc5 Re7 42. Nd6 Rc7 43. Rxb7 Rxc5 44. Nxf7 Rxa5 45. Kg2 Re5 46. f4 1-0

[Event "Women's Speed Chess Q6"]
[Site "chess.com INT"]
[Date "2021.06.05"]
[Round "9"]
[White "Nanditha, V"]
[Black "Varshini, V"]
[Result "1-0"]
[WhiteTitle "WCM"]
[BlackTitle "WGM"]
[WhiteElo "1666"]
[BlackElo "2226"]
[WhiteFideId "46626697"]
[BlackFideId "5091241"]
[EventDate "2021.06.05"]

1. e4 c5 2. Nf3 d6 3. d4 cxd4 4. Nxd4 Nf6 5. Nc3 a6 6. h3 e6 7. g4 Be7 8. g5
Nfd7 9. Be3 Bxg5 10. Nxe6 fxe6 11. Qh5+ g6 12. Qxg5 Qxg5 13. Bxg5 Nc6 14. O-O-O
h6 15. Be3 Ke7 16. Rg1 Nf8 17. Bf4 Ne5 18. Bg3 Bd7 19. f4 Nf7 20. Bh4+ Ke8 21.
Bf6 Rg8 22. e5 dxe5 23. fxe5 Bc6 24. Bg2 Bxg2 25. Rxg2 Nd7 26. Ne4 Ndxe5 27.
Bxe5 Nxe5 28. Nf6+ Ke7 29. Nxg8+ Rxg8 30. Re1 Nc6 31. Rge2 Nd8 32. h4 g5 33.
hxg5 hxg5 34. Rf1 Rg6 35. Rg2 Nf7 36. Rgf2 Rg7 37. Rg2 Nh6 38. Kd2 Nf5 39. c4 g4
40. Rh1 g3 41. b4 Kf6 42. a4 Rg4 43. Rf1 Rd4+ 44. Kc3 Rg4 45. b5 axb5 46. axb5
b6 47. Kd3 Rd4+ 48. Kc3 Re4 49. Rxg3 Ke5 50. Rgf3 Kd6 51. Rd1+ Kc5 52. Kb3 Rxc4
53. Rfd3 Rb4+ 54. Ka3 Rxb5 55. Rc1# 1-0

[Event "Women's Speed Chess Q6"]
[Site "chess.com INT"]
[Date "2021.06.05"]
[Round "9"]
[White "Vu, Bui Thi Thanh Van"]
[Black "Chu, Ruotong"]
[Result "0-1"]
[WhiteTitle "WFM"]
[BlackTitle "WIM"]
[WhiteElo "1750"]
[BlackElo "2207"]
[WhiteFideId "12408921"]
[BlackFideId "8605653"]
[EventDate "2021.06.05"]

1. d4 d5 2. Nf3 Nf6 3. e3 e6 4. Bd3 c5 5. c3 Nc6 6. Nbd2 a6 7. O-O b5 8. Qe2 c4
9. Bc2 Bb7 10. e4 Be7 11. e5 Nd7 12. Re1 b4 13. Nf1 bxc3 14. bxc3 Na7 15. Qe3
Nb5 16. a4 Qa5 17. Bd2 Na3 18. Bd1 Nb6 19. Bc1 Nb5 20. Bd2 Na3 21. Qf4 h6 22.
Ng3 g6 23. Qe3 Bc6 24. h4 Nxa4 25. Bxa4 Qxa4 26. h5 g5 27. Bc1 Qb3 28. Bxa3 Bxa3
29. Reb1 Bb2 30. Nd2 Qxc3 31. Qxc3 Bxc3 32. Ra2 O-O 33. Nf3 Rfb8 34. Rc1 Bb4 35.
Rcc2 a5 36. Ne2 a4 37. Nc3 Bxc3 38. Rxc3 Rb3 39. Rcc2 a3 40. Kf1 Rd3 41. Ke2 Ba4
42. Rd2 Bb3 43. Ra1 Rxd2+ 44. Nxd2 a2 45. Ke1 Ra3 46. Ke2 Bc2 47. Nf3 Bb1 48.
Nd2 Bc2 49. Nf3 c3 50. Ke1 Bb1 51. Ke2 c2 52. Kd2 Rd3+ 0-1

[Event "Women's Speed Chess Q6"]
[Site "chess.com INT"]
[Date "2021.06.05"]
[Round "9"]
[White "Fronda, Jan Jodilyn"]
[Black "Corrales Jimenez, Zenia"]
[Result "1/2-1/2"]
[WhiteTitle "WIM"]
[BlackTitle "WIM"]
[WhiteElo "2152"]
[BlackElo "2189"]
[WhiteFideId "5204585"]
[BlackFideId "3506355"]
[EventDate "2021.06.05"]

1. e4 c5 2. Nf3 Nc6 3. Bb5 g6 4. O-O Bg7 5. c3 Nf6 6. e5 Nd5 7. d4 cxd4 8. cxd4
O-O 9. Nc3 Nxc3 10. bxc3 d6 11. exd6 Qxd6 12. a4 Bg4 13. h3 Bf5 14. Re1 a6 15.
Ba3 Qc7 16. Bxc6 Qxc6 17. Bxe7 Rfe8 18. Qd2 Rac8 19. Bb4 Rxe1+ 20. Rxe1 Bxh3 21.
Qf4 Bf5 22. a5 b6 23. axb6 Qxb6 24. Ra1 h6 25. Ne5 Qc7 26. Rxa6 f6 27. Nd3 Bxd3
28. Qe3 Bxa6 29. Qe6+ Kh7 30. Qxa6 Re8 31. c4 f5 32. d5 Qf4 33. Qb7 Qc1+ 34. Kh2
Qxc4 35. d6 Qe4 36. d7 Qxb7 37. dxe8=Q Qxb4 38. Qe3 Qd6+ 39. g3 Be5 40. Qa7+ Bg7
41. Qf7 Qd4 42. Kg2 Qe4+ 43. Kg1 Qf3 44. Qd7 h5 45. Qe7 Kh6 46. Qd7 f4 47. Qd2
Be5 48. Qa5 Qd1+ 49. Kg2 f3+ 50. Kh2 Qd4 51. Qa2 Bxg3+ 52. fxg3 f2 53. Kg2 Qe3
54. Qf7 f1=Q+ 55. Kxf1 Qc1+ 56. Kg2 Qd2+ 57. Kh3 Qd1 58. Qf8+ Kh7 59. Qf7+ Kh6
60. Qf4+ g5 61. Qf6+ Kh7 62. Qf7+ Kh6 63. Qf6+ Kh7 64. Qf5+ Kh6 65. Qe6+ Kh7 66.
Qe7+ Kh6 67. Qf6+ 1/2-1/2

[Event "Women's Speed Chess Q6"]
[Site "chess.com INT"]
[Date "2021.06.05"]
[Round "9"]
[White "Kanyamarala, Trisha"]
[Black "Pandey, Srishti"]
[Result "1-0"]
[WhiteTitle "WIM"]
[BlackTitle "WFM"]
[WhiteElo "2180"]
[BlackElo "2026"]
[WhiteFideId "45004722"]
[BlackFideId "35093290"]
[EventDate "2021.06.05"]

1. d4 Nf6 2. c4 c5 3. e3 cxd4 4. exd4 g6 5. d5 Bg7 6. Nf3 O-O 7. Nc3 a6 8. Be2
d6 9. O-O b5 10. cxb5 axb5 11. Nxb5 Bb7 12. Nc3 Nbd7 13. Be3 Nb6 14. Qb3 Nfd7
15. Bb5 Ba6 16. a4 Bxb5 17. Qxb5 Qc8 18. Bxb6 Nxb6 19. Qxb6 Rb8 20. Qe3 Rxb2 21.
Nb5 Qb7 22. Rae1 Qxd5 23. Qxe7 Qc4 24. Nxd6 Qxa4 25. Ne4 Rb6 26. Qg5 h6 27. Qe3
Re6 28. Qf4 Qc6 29. Ng3 Rf6 30. Qc1 Qb7 31. Ne4 Rc6 32. Qb1 Rb6 33. Qd3 Rb3 34.
Qc2 Rc8 35. Qe2 Rb2 36. Qe3 Qd7 37. Qf4 Rb6 38. Ng3 Rf6 39. Qe3 Re6 40. Qd2 Rd6
41. Qa5 Rd5 42. Qa3 Rc3 43. Qe7 Qc8 44. Qe8+ Qxe8 45. Rxe8+ Kh7 46. h3 g5 47.
Kh2 Kg6 48. Rfe1 h5 49. Ne5+ Bxe5 50. R8xe5 Rd2 51. Ne4 Rcc2 52. Nxd2 Rxd2 53.
R5e2 Rd4 54. Kg1 f6 55. g4 hxg4 56. hxg4 Rxg4+ 57. Kh2 Rh4+ 58. Kg3 Ra4 59. Re3
f5 60. Re6+ Kf7 61. Rc6 Ra3+ 62. Kg2 g4 63. Rd1 f4 64. Rd7+ Ke8 65. Rh7 Kd8 66.
Rg6 f3+ 67. Kg3 Re3 68. Rg8+ Re8 69. Rxe8+ Kxe8 70. Kxg4 Kf8 71. Kxf3 Kg8 72.
Rb7 Kf8 73. Ke4 Ke8 74. f4 Kd8 75. f5 Kc8 76. Rh7 Kd8 77. f6 Ke8 78. Ke5 Kf8 79.
Ke6 Kg8 80. Rb7 Kf8 81. Rb8# 1-0

[Event "Women's Speed Chess Q6"]
[Site "chess.com INT"]
[Date "2021.06.05"]
[Round "9"]
[White "Ambartsumova, Karina"]
[Black "Sliwicka, Alicja"]
[Result "1/2-1/2"]
[WhiteTitle "IM"]
[BlackTitle "WIM"]
[WhiteElo "2382"]
[BlackElo "2308"]
[WhiteFideId "4166299"]
[BlackFideId "1150677"]
[EventDate "2021.06.05"]

1. c4 c5 2. Nf3 Nc6 3. d4 cxd4 4. Nxd4 e5 5. Nb5 d6 6. N1c3 a6 7. Na3 Nf6 8. g3
Be6 9. Bg2 Be7 10. O-O O-O 11. Nd5 Bxd5 12. cxd5 Nb8 13. Nc4 b5 14. Ne3 Nfd7 15.
a4 b4 16. a5 Nc5 17. Nc4 Nbd7 18. Bd2 Rb8 19. Qe1 Nb3 20. Rd1 Nxd2 21. Qxd2 Rb5
22. b3 f5 23. Qc2 g6 24. Rc1 Nf6 25. Rfd1 Rc5 26. Qb2 Qb8 27. Qd2 Rfc8 28. Nb6
R8c7 29. Rxc5 Rxc5 30. Qxb4 Rb5 31. Qa4 Qc7 32. e3 Qc2 33. Qa1 Ng4 34. Rf1 e4
35. h3 Bf6 36. Qc1 Qxc1 37. Rxc1 Ne5 38. Nc4 Nd3 39. Rb1 Rxd5 40. f3 Nc5 41. b4
Nb7 42. fxe4 fxe4 43. Bxe4 Rb5 44. Bxb7 Rxb7 45. Nxd6 Rd7 46. Ne4 Bd8 47. Nc5
Re7 48. Nxa6 Rxe3 49. Kg2 Kf7 50. Nc5 Ra3 51. a6 Bb6 52. Nd7 Rxa6 53. Nxb6 Rxb6
54. Kf3 Ke6 55. b5 Ke5 56. Kg4 h6 57. h4 Kf6 58. h5 gxh5+ 59. Kxh5 Kg7 60. g4
Kh7 61. Rb4 Kg7 62. Rb3 Kh7 63. Rb1 Kg7 64. Kh4 Kg6 65. Rb2 Kf6 66. Rf2+ Kg6 67.
Rf5 Rb7 68. Rc5 Kg7 69. Kh5 Rb6 70. Rc7+ Kg8 71. Rc5 Kg7 72. Kh4 Kh7 73. Kg3 Kg7
74. Kf4 Kf7 75. Ke4 Ke7 76. Kf5 Kf7 77. Rc7+ Kg8 78. Rc5 Kf7 79. Ke4 Ke7 80. Kd4
Rg6 81. Rc7+ Kd8 82. Rh7 Rxg4+ 83. Kc5 Rg6 84. b6 Kc8 85. Rh8+ Kb7 86. Rh7+ Kb8
87. Kb5 Rg1 88. Rxh6 Rb1+ 89. Kc6 Rc1+ 90. Kb5 Rb1+ 91. Ka5 Ra1+ 92. Kb4 Rb1+
93. Kc5 Rc1+ 94. Kd4 Kb7 95. Rh2 Kxb6 96. Rb2+ Kc6 97. Rd2 Ra1 98. Kd3 Ra4 99.
Ke2 Ra3 100. Rd3 Rxd3 101. Kxd3 1/2-1/2

[Event "Women's Speed Chess Q6"]
[Site "chess.com INT"]
[Date "2021.06.05"]
[Round "9"]
[White "Arabidze, Meri"]
[Black "Kulkarni, Bhakti"]
[Result "1-0"]
[WhiteTitle "IM"]
[BlackTitle "IM"]
[WhiteElo "2432"]
[BlackElo "2391"]
[WhiteFideId "13604040"]
[BlackFideId "5019516"]
[EventDate "2021.06.05"]

1. Nf3 Nf6 2. d4 g6 3. g3 Bg7 4. Bg2 O-O 5. O-O d5 6. a4 a5 7. Nc3 Bf5 8. Bf4
Ne4 9. Ne5 Nxc3 10. bxc3 Nd7 11. Bxd5 Nxe5 12. dxe5 Bxc2 13. Bxf7+ Rxf7 14. Qxc2
Qd5 15. Qa2 Qc5 16. Rad1 c6 17. Rd7 Bxe5 18. Be3 Qxc3 19. Rxe7 Rf8 20. Rxb7 Bg7
21. Rd1 c5 22. Rxf7 Rxf7 23. Qe6 Bf8 24. Rd7 Qf6 25. Qxf6 Rxf6 26. Rc7 Re6 27.
Bxc5 Bg7 28. Rc8+ Kf7 29. Rc7+ Kg8 30. e3 Re4 31. Bd4 Bxd4 32. Rc4 Re5 33. Rxd4
Rc5 34. Kg2 Rc1 35. Kf3 Ra1 36. h4 h5 37. Ke4 Ra2 38. f3 Kf7 39. Rc4 Kf6 40.
Rc6+ Kf7 41. Rc7+ Kf6 42. Rc4 Ke6 43. Kf4 Kf6 44. e4 Ra3 45. Rc6+ Kf7 46. Rc7+
Ke6 47. Rc4 Kf6 48. g4 hxg4 49. Kxg4 Kf7 50. f4 Ra1 51. Rc7+ Ke6 52. Rc6+ Kf7
53. Rc4 Rg1+ 54. Kh3 Ra1 55. Rd4 Rh1+ 56. Kg3 Ra1 57. h5 gxh5 58. Kh4 Kf6 59.
Kxh5 Rh1+ 60. Kg4 Rg1+ 61. Kf3 Ra1 62. Rc4 Ra3+ 63. Kg4 Ra1 64. Rc6+ Ke7 65.
Rc7+ Kd6 66. Rc4 Ke6 67. Rd4 Kf6 68. Kf3 Ra3+ 69. Ke2 Ke6 70. Rc4 Kd6 71. Rd4+
Ke6 72. Kd2 Ra2+ 73. Kd3 Ra3+ 74. Kc2 Rf3 75. e5 Ra3 76. Kb2 Rf3 77. Rd6+ Ke7
78. Rf6 Re3 79. Kc2 Re4 80. Kb3 Rb4+ 81. Ka3 Re4 82. Rf5 Re3+ 83. Kb2 Ke6 84.
Rf6+ Ke7 85. Ra6 Re4 86. Rxa5 Rxf4 87. Rb5 Ke6 88. Kb3 Re4 89. a5 Re1 90. Kb4
Rb1+ 91. Kc5 Ra1 92. Kb6 Kd7 93. Kb7 Ra2 94. a6 Ra1 95. a7 1-0

[Event "Women's Speed Chess Q6"]
[Site "chess.com INT"]
[Date "2021.06.05"]
[Round "10"]
[White "Dordzhieva, Dinara"]
[Black "Nguyen, Hong Anh"]
[Result "1-0"]
[WhiteTitle "WGM"]
[BlackTitle "WIM"]
[WhiteElo "2311"]
[BlackElo "1993"]
[WhiteFideId "24157570"]
[BlackFideId "12406732"]
[EventDate "2021.06.05"]

1. d4 Nf6 2. c4 g6 3. Nf3 Bg7 4. g3 O-O 5. Bg2 d5 6. cxd5 Nxd5 7. O-O Nb6 8. Nc3
Nc6 9. e3 Bf5 10. Nh4 Bd7 11. f4 e6 12. Nf3 Rc8 13. b3 Ne7 14. Ba3 Re8 15. Rc1
Ned5 16. Qd2 Nxc3 17. Rxc3 Nd5 18. Rcc1 Bb5 19. Rfe1 c6 20. Ne5 Bxe5 21. fxe5
Qg5 22. Qf2 Kg7 23. e4 Ne7 24. h4 1-0

[Event "Women's Speed Chess Q6"]
[Site "chess.com INT"]
[Date "2021.06.05"]
[Round "10"]
[White "Golubenko, Valentina"]
[Black "Fronda, Jan Jodilyn"]
[Result "1-0"]
[WhiteTitle "WGM"]
[BlackTitle "WIM"]
[WhiteElo "2209"]
[BlackElo "2152"]
[WhiteFideId "4501993"]
[BlackFideId "5204585"]
[EventDate "2021.06.05"]

1. d4 Nf6 2. g3 g6 3. Bg2 Bg7 4. c4 c5 5. d5 b5 6. d6 Nc6 7. cxb5 Qa5+ 8. Nc3
exd6 9. bxc6 Rb8 10. Qxd6 Ne4 11. Bxe4 Bxc3+ 12. Kf1 Rb6 13. Bg5 f6 14. Bxf6
Bxf6 15. Qxf6 Rf8 16. Qe5+ Kd8 17. c7# 1-0

[Event "Women's Speed Chess Q6"]
[Site "chess.com INT"]
[Date "2021.06.05"]
[Round "10"]
[White "Tarasova, Viktoriya"]
[Black "Vu, Bui Thi Thanh Van"]
[Result "0-1"]
[WhiteTitle "WIM"]
[BlackTitle "WFM"]
[WhiteElo "2226"]
[BlackElo "1750"]
[WhiteFideId "4175840"]
[BlackFideId "12408921"]
[EventDate "2021.06.05"]

1. d4 e6 2. c4 f5 3. Nc3 Nf6 4. g3 Be7 5. Bg2 O-O 6. Nf3 d6 7. O-O Ne4 8. Qc2
Nxc3 9. bxc3 Nc6 10. e4 e5 11. d5 Nb8 12. Nd2 b6 13. f4 exf4 14. gxf4 Nd7 15.
Qd3 Qe8 16. e5 dxe5 17. fxe5 Nxe5 18. Qe2 Bd6 19. Kh1 Ng4 20. Qxe8 Rxe8 21. Nf3
Ba6 22. Nd4 Bxc4 23. Rd1 Nf2+ 0-1

[Event "Women's Speed Chess Q6"]
[Site "chess.com INT"]
[Date "2021.06.05"]
[Round "10"]
[White "Steil-Antoni, Fiona"]
[Black "Sukandar, Irine Kharisma"]
[Result "0-1"]
[WhiteTitle "WIM"]
[BlackTitle "IM"]
[WhiteElo "2129"]
[BlackElo "2413"]
[WhiteFideId "4001249"]
[BlackFideId "7101937"]
[EventDate "2021.06.05"]

1. e4 e5 2. Bc4 Nf6 3. d3 c6 4. Nf3 d5 5. Bb3 Bb4+ 6. c3 Bd6 7. O-O O-O 8. Re1
Re8 9. Nbd2 Bg4 10. Nf1 Nbd7 11. Ng3 Nc5 12. Bc2 dxe4 13. dxe4 Bc7 14. Qe2 Ne6
15. h3 Nf4 16. Qe3 Be6 17. Bd2 Bb6 0-1

[Event "Women's Speed Chess Q6"]
[Site "chess.com INT"]
[Date "2021.06.05"]
[Round "10"]
[White "Zaksaite, Salomeja"]
[Black "Balabayeva, Xeniya"]
[Result "0-1"]
[WhiteTitle "WIM"]
[BlackTitle "WFM"]
[WhiteElo "2202"]
[BlackElo "2116"]
[WhiteFideId "12801496"]
[BlackFideId "13719688"]
[EventDate "2021.06.05"]

1. e4 e6 2. d4 d5 3. Nc3 Nf6 4. e5 Nfd7 5. f4 c5 6. Nf3 Nc6 7. Be3 b6 8. Qd2 Bb7
9. Be2 g6 10. Nd1 cxd4 11. Nxd4 Nc5 12. Nf2 Rc8 13. c3 Be7 14. O-O O-O 15. Bf3
f5 16. exf6 Bxf6 17. b4 Nxd4 18. Bxd4 Bxd4 19. Qxd4 Na4 20. Rac1 Qf6 21. Bg4
Nxc3 22. Qxf6 Rxf6 23. Rfe1 Kf7 24. Nd3 d4 25. Ne5+ Kg7 26. Nd7 Rxf4 27. Bxe6
Ne2+ 0-1

[Event "Women's Speed Chess Q6"]
[Site "chess.com INT"]
[Date "2021.06.05"]
[Round "10"]
[White "Nguyen, Hong Ngoc"]
[Black "Zakirova, Aisha"]
[Result "1-0"]
[WhiteTitle "WCM"]
[BlackTitle "WCM"]
[WhiteElo "1957"]
[BlackElo "1585"]
[WhiteFideId "12403083"]
[BlackFideId "13719734"]
[EventDate "2021.06.05"]

1. e4 c5 2. Nc3 Nc6 3. g3 g6 4. Bg2 Bg7 5. d3 d6 6. Be3 e5 7. Nd5 Nge7 8. Ne2
O-O 9. O-O Nd4 10. c3 Nxe2+ 11. Qxe2 Nxd5 12. exd5 f5 13. f4 Re8 14. fxe5 Bxe5
15. Qd2 Bg7 16. Rae1 Bd7 17. Bg5 Qb6 18. Kh1 a5 19. a3 a4 20. Bf4 c4 21. d4 Bb5
22. Rxe8+ Rxe8 23. Re1 Rxe1+ 24. Qxe1 Bd7 25. Qe7 Qxb2 26. h4 Bb5 27. Qe6+ Kh8
28. Qc8+ Bf8 29. Qxf8# 1-0

[Event "Women's Speed Chess Q6"]
[Site "chess.com INT"]
[Date "2021.06.05"]
[Round "10"]
[White "Ziegenfuss, Antonia"]
[Black "Matveeva, Olga"]
[Result "1-0"]
[WhiteTitle "WFM"]
[BlackTitle "WIM"]
[WhiteElo "2157"]
[BlackElo "2145"]
[WhiteFideId "12962554"]
[BlackFideId "24107018"]
[EventDate "2021.06.05"]

1. d4 Nf6 2. c4 e6 3. Nc3 Bb4 4. f3 c5 5. d5 b5 6. e4 exd5 7. cxd5 O-O 8. Bd2 a6
9. a4 Bb7 10. axb5 axb5 11. Rxa8 Bxa8 12. Bxb5 Re8 13. Nge2 Qa5 14. O-O Na6 15.
Qa4 Nc7 16. Bxd7 Nxd7 17. Qxd7 Rb8 18. Bf4 1-0

[Event "Women's Speed Chess Q6"]
[Site "chess.com INT"]
[Date "2021.06.05"]
[Round "10"]
[White "Nandhidhaa, P V"]
[Black "Szente Varga, Fruzsina"]
[Result "0-1"]
[WhiteTitle "WGM"]
[BlackTitle "WFM"]
[WhiteElo "2365"]
[BlackElo "2100"]
[WhiteFideId "5050847"]
[BlackFideId "712264"]
[EventDate "2021.06.05"]

1. e4 e5 2. Nf3 Nc6 3. Nc3 Nf6 4. Bb5 d6 5. d4 exd4 6. Nxd4 Bd7 7. Bxc6 bxc6 8.
O-O Be7 9. Bg5 O-O 10. Qd3 h6 11. Bh4 c5 12. Nf5 Bxf5 13. exf5 Qd7 14. Rfe1 Rfe8
15. h3 c6 16. Rad1 d5 17. g4 d4 18. Ne2 Nd5 19. Bxe7 Rxe7 20. c4 Nb4 21. Qd2
Nxa2 22. Qa5 Nb4 23. Nf4 Rxe1+ 24. Rxe1 Qd6 25. Nh5 Nd3 26. Re2 Ne5 27. f4 Nxc4
28. Rc2 Nxa5 0-1

[Event "Women's Speed Chess Q6"]
[Site "chess.com INT"]
[Date "2021.06.05"]
[Round "10"]
[White "Arpita, Mukherjee"]
[Black "Gevorgyan, Maria"]
[Result "1/2-1/2"]
[WhiteTitle "WIM"]
[BlackTitle "WGM"]
[WhiteElo "2206"]
[BlackElo "2219"]
[WhiteFideId "5056403"]
[BlackFideId "13300270"]
[EventDate "2021.06.05"]

1. e4 c5 2. Nf3 Nc6 3. Bb5 g6 4. Bxc6 dxc6 5. d3 Bg7 6. Nc3 Nf6 7. Be3 Nd7 8.
Qd2 h6 9. h3 b6 10. O-O e5 11. Nh2 Nf8 12. Ne2 Ne6 13. c3 a5 14. f4 exf4 15.
Nxf4 Nxf4 16. Bxf4 g5 17. Be3 O-O 18. h4 f6 19. hxg5 fxg5 20. Rxf8+ Qxf8 21. Rf1
Qd6 22. d4 cxd4 23. cxd4 Ba6 24. e5 Qd5 25. Rf2 Qxa2 26. Ng4 Qb1+ 27. Kh2 Rd8
28. Nf6+ Kh8 29. Qc3 Bb5 30. e6 Qg6 31. e7 Bxf6 32. d5 Qh5+ 33. Kg1 Qd1+ 34. Kh2
Qh5+ 35. Kg1 Qd1+ 36. Kh2 Qh5+ 1/2-1/2

[Event "Women's Speed Chess Q6"]
[Site "chess.com INT"]
[Date "2021.06.05"]
[Round "10"]
[White "Ribeiro, Regina"]
[Black "Smietanska, Wiktoria"]
[Result "0-1"]
[WhiteTitle "WIM"]
[BlackTitle "CM"]
[WhiteElo "1920"]
[BlackElo "1802"]
[WhiteFideId "2100681"]
[BlackFideId "21869359"]
[EventDate "2021.06.05"]

1. Nf3 Nf6 2. b3 g6 3. Bb2 Bg7 4. e3 O-O 5. c4 d6 6. d4 Nbd7 7. Be2 Re8 8. O-O
c6 9. Nc3 Qc7 10. Rc1 e5 11. d5 c5 12. e4 a6 13. Nh4 Rf8 14. Bg4 Nxg4 15. Qxg4
Nf6 16. Qg3 Nh5 17. Qe3 Qe7 18. g3 f5 19. exf5 gxf5 20. Ne2 f4 21. Qf3 Qg5 22.
Qg2 e4 23. Bxg7 f3 24. Qh3 Bxh3 25. Nf4 Nxf4 26. Nf5 Ne2+ 27. Kh1 Bg2# 0-1